Countries That Officially Celebrate Christmas - Statistics

General Stats
  • This quiz has been taken 323 times
  • The average score is 95 of 163
Answer Stats
Region Country % Correct
Europe United Kingdom
92%
Europe Spain
89%
North America United States
87%
Oceania Australia
86%
North America Canada
86%
Europe France
85%
Europe Germany
84%
Europe Portugal
84%
Europe Sweden
83%
Europe Italy
82%
South America Argentina
81%
South America Brazil
81%
Europe Norway
81%
Europe Finland
80%
Eurasia Russia
79%
Europe Austria
78%
Europe Belgium
78%
North America Mexico
78%
Europe Andorra
77%
Europe Albania
76%
Europe Iceland
76%
Europe Ireland
76%
Europe Denmark
75%
Oceania New Zealand
75%
Europe Poland
75%
Africa South Africa
75%
Europe The Netherlands
74%
Europe Greece
73%
South America Chile
72%
Asia India
72%
Europe Lithuania
72%
Europe Switzerland
72%
Europe Vatican City
71%
Europe Romania
70%
Europe Ukraine
70%
Europe Latvia
69%
Europe Bulgaria
68%
Europe Estonia
68%
Europe Hungary
68%
Caribbean Jamaica
68%
Caribbean The Bahamas
68%
Europe Croatia
67%
Europe Luxembourg
67%
South America Peru
67%
South America Colombia
66%
Europe Slovakia
66%
Africa Angola
65%
Caribbean Antigua and Barbuda
65%
Europe Belarus
65%
Europe Bosnia and Herzegovina
65%
Africa / Middle East Egypt
65%
Europe Slovenia
65%
South America Bolivia
64%
Caribbean Cuba
64%
Europe Czech Republic
64%
Caribbean Dominica
64%
Mediterranean Sea Malta
64%
Europe Serbia
64%
Caribbean Barbados
63%
Oceania Fiji
62%
Europe Monaco
62%
Central America Panama
62%
Eurasia Armenia
61%
Central America Belize
61%
Caribbean Haiti
61%
Central America Honduras
61%
Africa Kenya
61%
Africa Niger
61%
Central America Costa Rica
60%
Mediterranean Sea Cyprus
60%
South America Ecuador
60%
Africa Ethiopia
60%
South America Paraguay
60%
South America Venezuela
60%
Africa Chad
59%
South-East Asia Indonesia
59%
Europe San Marino
59%
Africa Botswana
58%
Central America El Salvador
58%
South America Guyana
58%
Europe Kosovo
58%
Europe Moldova
58%
Africa Nigeria
58%
Caribbean Dominican Republic
57%
Europe Montenegro
57%
Central America Nicaragua
57%
South America Uruguay
57%
Central America Guatemala
56%
Africa Republic of the Congo
56%
Asia South Korea
56%
Africa Democratic Republic of the Congo
55%
Caribbean Saint Kitts and Nevis
55%
South America Suriname
55%
South-East Asia The Philippines
55%
Europe Liechtenstein
54%
Europe Macedonia
54%
Oceania Tonga
54%
Africa Zambia
54%
Africa Zimbabwe
54%
Eurasia Georgia
53%
Caribbean Saint Lucia
53%
Africa Togo
53%
Indian Ocean Madagascar
52%
Caribbean Saint Vincent and the Grenadines
52%
Oceania Samoa
52%
Caribbean Trinidad and Tobago
52%
Africa Guinea
51%
Oceania Kiribati
50%
Oceania Marshall Islands
50%
Oceania Solomon Islands
50%
Middle East Lebanon
49%
Africa Lesotho
49%
Oceania Palau
49%
Africa Sudan
49%
Africa Tanzania
49%
Oceania Federated States of Micronesia
48%
Africa Ghana
48%
Africa South Sudan
48%
Oceania Tuvalu
48%
Africa Benin
47%
Africa Eritrea
47%
Caribbean Grenada
47%
South-East Asia Malaysia
47%
South-East Asia Singapore
47%
Indian Ocean Sri Lanka
47%
Africa The Gambia
47%
Africa Cameroon
46%
Middle East Iraq
46%
Africa Mozambique
46%
Oceania Nauru
46%
Oceania Papua New Guinea
46%
Africa Rwanda
46%
Africa Burundi
45%
Africa Central African Republic
45%
Middle East Jordan
45%
Africa Namibia
45%
Indian Ocean Seychelles
45%
Asia Bangladesh
44%
Africa Uganda
44%
Atlantic Ocean Cape Verde
43%
Africa Gabon
43%
Africa Guinea-Bissau
43%
Africa Mali
43%
Indian Ocean Mauritius
43%
Middle East Syria
43%
Oceania Vanuatu
43%
Asia Nepal
42%
South-East Asia Brunei
41%
Africa Burkina Faso
41%
Africa Ivory Coast
41%
Africa Liberia
41%
Africa Djibouti
40%
South-East Asia East Timor
40%
Africa Malawi
40%
Africa Sierra Leone
40%
Africa Senegal
39%
Africa Swaziland
39%
Africa Equatorial Guinea
38%
Atlantic Ocean São Tomé and Príncipe
38%
Asia Kazakhstan
35%
South-East Asia Myanmar
29%
Asia Kyrgyzstan
28%
Middle East Palestine
13%
No matching quizzes found
Score Distribution
Percent of People with Each Score
Percentile by Number Answered
Your Score History
You have not taken this quiz